000
00300nam a2200109Ia 4500
005
20251222153612.0
008
251222s9999||||xx |||||||||||||| ||spa||
082
_a
828.9/C91C
100
_a
"Cronín, Archibald Joseph"
245
0
_a
La ciudadela: El drama de los médicos y de la medicina
942
_c
LIB
999
_c
31665
_d
31665